[Event "24th ch-EUR Indiv w 2024"]
[Site "Rhodes GRE"]
[Date "2024.04.23"]
[Round "5.18"]
[White "Levitan, Ronit"]
[Black "Babiy, Olga"]
[Result "0-1"]
[WhiteTitle "WFM"]
[BlackTitle "WGM"]
[WhiteElo "2187"]
[BlackElo "2306"]
[WhiteFideId "2815109"]
[BlackFideId "14117258"]
[EventDate "2024.04.19"]

1. e4 c6 2. Nf3 d5 3. exd5 cxd5 4. Ne5 Nc6 5. d4 g6 6. Bb5 Bd7 7. Nxd7 Qxd7 8.
O-O e6 9. c3 Bd6 10. Re1 a6 11. Bd3 Qc7 12. g3 Kf8 13. Nd2 Kg7 14. Nf3 Re8 15.
c4 dxc4 16. Bxc4 Nge7 17. Bd2 Na5 18. Bf1 Nd5 19. Rc1 Qd8 20. Ne5 Bxe5 21. dxe5
Qb6 22. Qa4 Nc6 23. Qh4 h6 24. Bg2 Nce7 25. Bc3 Rc8 26. Qe4 Rc6 27. Red1 Rhc8
28. Qh4 Rc4 29. Qh3 Nxc3 30. bxc3 Qc7 31. g4 Qxe5 32. Bxb7 Rxc3 33. Rxc3 Rxc3
34. Qg2 a5 35. Qe4 Qxe4 36. Bxe4 f5 37. gxf5 gxf5 38. Rd7 Kf6 39. Bb7 Rc2 40. a4
Rc4 41. Rd8 Rxa4 42. Rh8 Kg7 43. Re8 Ng6 44. Bc6 Ra3 45. Kf1 Nf4 46. Ke1 Ra2 47.
Bb5 Kf6 48. Rc8 a4 49. Bc4 Rc2 50. Kd1 Rxf2 51. Ra8 Rxh2 52. Rxa4 h5 53. Bb3 Nd3
54. Ra8 h4 55. Re8 Nf4 0-1

[Event "24th ch-EUR Indiv w 2024"]
[Site "Rhodes GRE"]
[Date "2024.04.23"]
[Round "5.19"]
[White "Efroimski, Marsel"]
[Black "Gajcin, Marina"]
[Result "1-0"]
[WhiteTitle "IM"]
[BlackTitle "WGM"]
[WhiteElo "2457"]
[BlackElo "2224"]
[WhiteFideId "2810964"]
[BlackFideId "949086"]
[EventDate "2024.04.19"]

1. e4 c5 2. Nf3 Nc6 3. Bb5 e6 4. O-O Nge7 5. Re1 Nd4 6. Nxd4 cxd4 7. c3 a6 8.
Bf1 Nc6 9. b4 Bd6 10. a4 O-O 11. Na3 dxc3 12. dxc3 Be5 13. Qb3 d5 14. Bb2 Qf6
15. Nc2 Qh6 16. g3 dxe4 17. Rxe4 f5 18. Re2 Bf6 19. Rae1 Kh8 20. b5 axb5 21.
axb5 Na5 22. Qb4 Re8 23. Nd4 e5 24. Rxe5 Bxe5 25. Rxe5 Qh5 26. b6 Nc6 27. Nxc6
bxc6 28. c4 Be6 29. Qd6 Qf7 30. Qxc6 Rac8 31. Qb5 Bd7 32. Qb4 Bc6 33. Qd6 Ba8
34. Be2 Qb7 35. f3 Red8 36. Qb4 Re8 37. Rxf5 Rb8 38. Bd4 Qd7 39. Rf4 h6 40. Bf1
Bxf3 41. Qd2 Be4 42. c5 Rbd8 43. Rxe4 Kh7 44. Rxe8 Rxe8 45. Qd3+ g6 46. Bf2 Qc6
47. Qb5 Qe4 48. b7 1-0

[Event "24th ch-EUR Indiv w 2024"]
[Site "Rhodes GRE"]
[Date "2024.04.23"]
[Round "5.20"]
[White "Hrebenshchykova, Yelyzaveta"]
[Black "Khotenashvili, Bella"]
[Result "1-0"]
[WhiteTitle "WIM"]
[BlackTitle "GM"]
[WhiteElo "2289"]
[BlackElo "2454"]
[WhiteFideId "14159899"]
[BlackFideId "13602640"]
[EventDate "2024.04.19"]

1. Nf3 Nf6 2. c4 g6 3. Nc3 Bg7 4. e4 O-O 5. d4 d6 6. Be2 Nbd7 7. O-O e5 8. Be3
exd4 9. Nxd4 Re8 10. f3 a5 11. Ndb5 b6 12. b3 Nc5 13. Qd2 Bb7 14. Rad1 Qd7 15.
Rfe1 h5 16. Bf1 Nh7 17. Nd5 Bxd5 18. Qxd5 Nf8 19. Qd2 Nfe6 20. Nc3 c6 21. g3
Rad8 22. Bg2 Qe7 23. Ne2 h4 24. Nf4 Nc7 25. Bd4 Bxd4+ 26. Qxd4 Qe5 27. Kf2 N7a6
28. Re2 Nb4 29. Qe3 Qf6 30. Kg1 Qg5 31. Qf2 Qe5 32. Red2 Nba6 33. Nd3 Nxd3 34.
Rxd3 Nc5 35. Rd4 Ne6 36. f4 Qc5 37. R4d3 hxg3 38. hxg3 Kf8 39. f5 gxf5 40. exf5
Qxf2+ 41. Kxf2 Ng7 42. g4 Ke7 43. Bxc6 Rh8 44. Kg3 Rdg8 45. Kf4 Rh4 46. Kg5
Nxf5+ 47. Kxf5 Rgxg4 48. Re1+ Kf8 49. Re4 Rxe4 50. Bxe4 Ke7 51. Bd5 Rh2 52. Re3+
Kd7 53. a4 Rf2+ 54. Rf3 1-0

[Event "24th ch-EUR Indiv w 2024"]
[Site "Rhodes GRE"]
[Date "2024.04.23"]
[Round "5.21"]
[White "Mammadzada, Gunay"]
[Black "Berend, Elvira"]
[Result "1-0"]
[WhiteTitle "IM"]
[BlackTitle "WGM"]
[WhiteElo "2436"]
[BlackElo "2260"]
[WhiteFideId "13403729"]
[BlackFideId "4000510"]
[EventDate "2024.04.19"]

1. e4 e5 2. Nf3 Nc6 3. Bb5 a6 4. Ba4 Nf6 5. O-O b5 6. Bb3 Bc5 7. c3 d6 8. d4 Bb6
9. a4 Rb8 10. axb5 axb5 11. Na3 O-O 12. Nxb5 Bg4 13. Be3 Na5 14. Bc2 Nc4 15. h3
Bd7 16. Na3 Nxb2 17. Qd2 exd4 18. cxd4 c5 19. dxc5 dxc5 20. Ra2 Ba5 21. Qc1 Qb6
22. e5 Nd5 23. Bxc5 Nc3 24. Qe3 Qe6 25. Rxb2 Rxb2 26. Bxf8 Kxf8 27. Qc5+ Qe7 28.
Qxa5 Ne2+ 29. Kh2 Ra2 30. Qd2 Ba4 31. Qxe2 Qxa3 32. Qd3 1-0

[Event "24th ch-EUR Indiv w 2024"]
[Site "Rhodes GRE"]
[Date "2024.04.23"]
[Round "5.22"]
[White "Tsolakidou, Stavroula"]
[Black "Starosta, Martyna"]
[Result "1/2-1/2"]
[WhiteTitle "IM"]
[BlackTitle "WFM"]
[WhiteElo "2424"]
[BlackElo "2254"]
[WhiteFideId "4264312"]
[BlackFideId "21818754"]
[EventDate "2024.04.19"]

1. e4 e5 2. Nf3 Nc6 3. Bb5 a6 4. Ba4 Nf6 5. O-O Nxe4 6. d4 b5 7. Bb3 d5 8. dxe5
Be6 9. c3 Bc5 10. Nbd2 O-O 11. Bc2 Nxf2 12. Rxf2 Bxf2+ 13. Kxf2 f6 14. Nf1 fxe5
15. Kg1 Qf6 16. Bg5 Qf7 17. Bh4 h6 18. Ne3 g5 19. Bg3 Rad8 20. Nxe5 Nxe5 21.
Bxe5 Qf2+ 22. Kh1 Qxe3 23. Bd4 Qf4 24. Qh5 Bf5 25. Qxh6 Rd7 26. Qh8+ Kf7 27.
Qh5+ Kg8 28. Qh8+ Kf7 29. Qh5+ Kg8 30. Qh8+ 1/2-1/2

[Event "24th ch-EUR Indiv w 2024"]
[Site "Rhodes GRE"]
[Date "2024.04.23"]
[Round "5.23"]
[White "Balajayeva, Khanim"]
[Black "Toma, Katarzyna"]
[Result "1-0"]
[WhiteTitle "IM"]
[BlackTitle "WGM"]
[WhiteElo "2371"]
[BlackElo "2202"]
[WhiteFideId "13406396"]
[BlackFideId "1119907"]
[EventDate "2024.04.19"]

1. e4 c5 2. Nf3 Nc6 3. Bb5 g6 4. O-O Bg7 5. d3 Nf6 6. Nc3 O-O 7. e5 Ne8 8. Bxc6
dxc6 9. h3 Nc7 10. a4 a5 11. b3 Ne6 12. Bb2 Nd4 13. Ne4 Qc7 14. Nxd4 cxd4 15.
Bxd4 Bxe5 16. Bxe5 Qxe5 17. Re1 Qg7 18. Qf3 Bf5 19. Ng3 Be6 20. Qf4 Rfd8 21. Re5
Rd5 22. Rae1 Rad8 23. Rxd5 Rxd5 24. Qb8+ Qf8 25. Qxb7 Rc5 26. Re2 Qh6 27. c4
Qc1+ 28. Kh2 Qf4 29. Qxe7 Rh5 30. Qe8+ Kg7 31. Qxc6 Rg5 32. Qe4 Qb8 33. f4 Rxg3
34. Kxg3 Qxb3 35. Qd4+ Kh6 36. Re5 Qb4 37. Qc5 1-0

[Event "24th ch-EUR Indiv w 2024"]
[Site "Rhodes GRE"]
[Date "2024.04.23"]
[Round "5.24"]
[White "Sieber, Fiona"]
[Black "Yao, Lan"]
[Result "1-0"]
[WhiteTitle "WGM"]
[BlackTitle "WGM"]
[WhiteElo "2222"]
[BlackElo "2370"]
[WhiteFideId "12902373"]
[BlackFideId "8610835"]
[EventDate "2024.04.19"]

1. e4 c5 2. Nf3 e6 3. d4 cxd4 4. Nxd4 Nc6 5. Nc3 Qc7 6. g3 a6 7. Bg2 Nf6 8. O-O
Nxd4 9. Qxd4 Bc5 10. Qd3 Ng4 11. Qe2 h5 12. Bf4 Ne5 13. h3 d6 14. Nd1 Bd7 15. a4
Ng6 16. Be3 h4 17. Bxc5 Qxc5 18. Kh2 hxg3+ 19. fxg3 Ne5 20. Ra3 b5 21. Nf2 bxa4
22. Nd3 Qe3 23. Qd1 Qd4 24. Nxe5 Qxe5 25. Rf2 Bb5 26. Raf3 Ra7 27. Rf4 Bc6 28.
Rd2 Rd7 29. c3 g5 30. Rff2 Rh4 31. Rd4 Rh6 32. Rc4 Rc7 33. Qd4 Qxd4 34. cxd4 Rc8
35. e5 d5 36. Rc3 Bd7 37. Rxc8+ Bxc8 38. Bf1 Bb7 39. Kg2 Rh8 40. Kf3 Ke7 41. Rc2
Rc8 42. Rxc8 Bxc8 43. Kg4 f6 44. Kh5 Kf7 45. Kh6 Bb7 46. Be2 a5 47. Bh5+ Ke7 48.
Kg6 fxe5 49. dxe5 d4 50. Kxg5 Bd5 51. Kf4 Kf8 52. Be2 Kg7 53. h4 Kh6 54. Bb5 Bg2
55. Bxa4 Bf1 56. Bb3 d3 57. Ke3 Kh5 58. Bxe6 Kg6 59. g4 Be2 60. Bf5+ Kf7 61. g5
Bh5 62. Bxd3 Ke6 63. Ke4 1-0

[Event "24th ch-EUR Indiv w 2024"]
[Site "Rhodes GRE"]
[Date "2024.04.23"]
[Round "5.25"]
[White "Mandura, Tijana"]
[Black "Mkrtchian, Lilit"]
[Result "0-1"]
[WhiteTitle "WIM"]
[BlackTitle "IM"]
[WhiteElo "2218"]
[BlackElo "2366"]
[WhiteFideId "16500270"]
[BlackFideId "13300601"]
[EventDate "2024.04.19"]

1. e4 c5 2. Nf3 Nc6 3. Bb5 g6 4. Bxc6 bxc6 5. d4 cxd4 6. Qxd4 f6 7. Qa4 Bg7 8.
c4 Qb6 9. O-O d6 10. Be3 Qa6 11. Qc2 c5 12. Nc3 Qb7 13. a3 f5 14. e5 dxe5 15.
Bxc5 Qc7 16. b4 Bb7 17. Ng5 Bf6 18. f4 Bxg5 19. fxg5 h6 20. Nb5 Qc6 21. Rae1 a6
22. Na7 Qc7 23. Qf2 hxg5 24. b5 e4 25. h3 Nf6 26. b6 Qd7 27. Qg3 g4 28. Qe5 Kf7
29. Rd1 Qe6 30. Qc7 e3 31. Rfe1 Qe4 32. Qh2 f4 33. Rd4 g3 34. Qh1 Qe5 35. h4
Qxc5 0-1

[Event "24th ch-EUR Indiv w 2024"]
[Site "Rhodes GRE"]
[Date "2024.04.23"]
[Round "5.26"]
[White "Matnadze Bujiashvili, Ann"]
[Black "Prado Acebo, Ines"]
[Result "0-1"]
[WhiteTitle "IM"]
[BlackTitle "WFM"]
[WhiteElo "2365"]
[BlackElo "2229"]
[WhiteFideId "13601377"]
[BlackFideId "22251235"]
[EventDate "2024.04.19"]

1. d4 d5 2. Nf3 Nf6 3. g3 c5 4. c3 cxd4 5. cxd4 Nc6 6. Bg2 Bf5 7. O-O e6 8. Qb3
Qb6 9. Nc3 h6 10. Bf4 Qxb3 11. axb3 Bb4 12. Nb5 O-O 13. Rfc1 g5 14. Be3 Ng4 15.
Nc3 Nxe3 16. fxe3 Rfc8 17. Kf2 Bg6 18. Na2 Be7 19. Nd2 f5 20. Nc3 g4 21. Na4 Bb4
22. Nc3 Bf7 23. Ra4 Be7 24. Raa1 b6 25. Nb5 Bb4 26. Nc3 Na5 27. Ra4 Bf8 28. Rca1
Be8 29. R4a2 Bb4 30. Rc1 Kg7 31. h3 h5 32. Raa1 Rab8 33. hxg4 hxg4 34. Rh1 Rb7
35. Rh4 Bg6 36. Rah1 Rbb8 37. Bf1 Bxc3 38. bxc3 Rxc3 39. b4 Nb3 40. Nxb3 Rxb3
41. Bg2 Rxb4 42. e4 dxe4 43. Rc1 Rb7 44. Ke3 Rd7 45. Kf4 Kf6 46. Rc8 Rbxd4 47.
Rf8+ Rf7 48. Rg8 e5+ 49. Ke3 Rh7 50. Rf8+ Kg7 51. Rxh7+ Bxh7 52. Re8 Kf6 53.
Rf8+ Ke7 54. Rb8 Rd7 55. Bf1 Kf6 56. Rf8+ Rf7 57. Re8 f4+ 58. Kf2 e3+ 59. Kg1 f3 0-1

[Event "24th ch-EUR Indiv w 2024"]
[Site "Rhodes GRE"]
[Date "2024.04.23"]
[Round "5.27"]
[White "Gaboyan, Susanna"]
[Black "Guichard, Pauline"]
[Result "0-1"]
[WhiteTitle "WIM"]
[BlackTitle "IM"]
[WhiteElo "2192"]
[BlackElo "2362"]
[WhiteFideId "13303627"]
[BlackFideId "639370"]
[EventDate "2024.04.19"]

1. e4 e5 2. Nf3 Nc6 3. Bc4 Nf6 4. d3 Bc5 5. c3 d6 6. O-O a5 7. Bg5 h6 8. Bh4 g5
9. Bg3 Ba7 10. Nbd2 Nh7 11. Re1 h5 12. h4 g4 13. Nh2 Nf8 14. d4 Ng6 15. dxe5
Ncxe5 16. Bxe5 dxe5 17. g3 Nxh4 18. gxh4 g3 19. Kh1 gxh2 20. Nf3 Qxd1 21. Rexd1
Bg4 22. Rd3 f6 23. Kg2 Ke7 24. Nxh2 Be2 25. Rd7+ Kxd7 26. Bxe2 Ke7 27. Nf1 Rad8
28. Ng3 Rd2 29. Kf1 a4 30. Ke1 Rhd8 31. Nxh5 Rxb2 32. a3 Kf7 33. Ng3 Kg6 34. Nf1
Bc5 35. h5+ Kg5 36. Ng3 b5 37. c4 Bxa3 38. cxb5 Bb4+ 39. Kf1 a3 0-1

[Event "24th ch-EUR Indiv w 2024"]
[Site "Rhodes GRE"]
[Date "2024.04.23"]
[Round "5.28"]
[White "Gaal, Zsoka"]
[Black "Nilssen, Ellen Fredericia"]
[Result "1-0"]
[WhiteTitle "WIM"]
[BlackTitle "WFM"]
[WhiteElo "2356"]
[BlackElo "2195"]
[WhiteFideId "777765"]
[BlackFideId "1441230"]
[EventDate "2024.04.19"]

1. d4 d5 2. c4 e6 3. Nc3 a6 4. cxd5 exd5 5. Bf4 Nf6 6. e3 Bd6 7. Bxd6 Qxd6 8.
Bd3 O-O 9. h3 Re8 10. Nf3 Nbd7 11. Qc2 c5 12. dxc5 Nxc5 13. O-O Bd7 14. Rfd1
Rac8 15. Rac1 Na4 16. Qb3 Nxc3 17. Rxc3 Rxc3 18. Qxc3 Rc8 19. Qb3 b5 20. Bb1 Qc5
21. Ne5 Be6 22. Nd3 Qb6 23. Nf4 Qc5 24. e4 dxe4 25. Nxe6 fxe6 26. Qxe6+ Kf8 27.
Qxa6 e3 28. fxe3 Qxe3+ 29. Kh1 Rc1 30. Qd6+ Kf7 31. a3 h5 32. Bf5 Rxd1+ 33. Qxd1
Qe5 34. Qb3+ Kf8 35. Qb4+ Kf7 36. Bd3 h4 37. Bxb5 Ne4 38. Bc4+ Kf6 39. Qf8+ Kg5
40. Qd8+ Kh5 41. Be2+ Kh6 42. Qxh4+ Qh5 43. Qxh5# 1-0

[Event "24th ch-EUR Indiv w 2024"]
[Site "Rhodes GRE"]
[Date "2024.04.23"]
[Round "5.29"]
[White "Zawadzka, Jolanta"]
[Black "Ibrahimova, Sabina"]
[Result "0-1"]
[WhiteTitle "WGM"]
[BlackTitle "WIM"]
[WhiteElo "2351"]
[BlackElo "2175"]
[WhiteFideId "1122320"]
[BlackFideId "13403893"]
[EventDate "2024.04.19"]

1. e4 c5 2. Nf3 Nc6 3. d4 cxd4 4. Nxd4 g6 5. c4 Nf6 6. Nc3 d6 7. f3 Nxd4 8. Qxd4
Bg7 9. Be3 O-O 10. Qd2 a5 11. b3 a4 12. b4 Be6 13. Rc1 Nd7 14. Be2 a3 15. O-O
Nb6 16. Nb5 Bb2 17. Nd4 Bxc1 18. Rxc1 Bd7 19. Nb3 Re8 20. h4 h5 21. f4 Bg4 22.
Bxg4 hxg4 23. f5 Nd7 24. fxg6 fxg6 25. Qd5+ e6 26. Qxd6 Qxh4 27. Bf2 Qe7 28. e5
Qg5 29. Bg3 Rad8 30. Qd4 Nf6 31. Qf4 Qxf4 32. Bxf4 Ne4 33. Re1 Nc3 34. Nd2 Rf8
35. Bg5 Rd3 36. Nb3 g3 37. Nc5 Ne2+ 38. Kh1 Rf7 0-1

[Event "24th ch-EUR Indiv w 2024"]
[Site "Rhodes GRE"]
[Date "2024.04.23"]
[Round "5.30"]
[White "Gaponenko, Inna"]
[Black "Markantonaki, Haritomeni"]
[Result "1/2-1/2"]
[WhiteTitle "IM"]
[BlackTitle "WFM"]
[WhiteElo "2332"]
[BlackElo "2167"]
[WhiteFideId "14101181"]
[BlackFideId "4207050"]
[EventDate "2024.04.19"]

1. e4 c5 2. Nf3 e6 3. d4 cxd4 4. Nxd4 Nf6 5. Nc3 Nc6 6. Ndb5 Bb4 7. a3 Bxc3+ 8.
Nxc3 d5 9. exd5 exd5 10. Bd3 O-O 11. O-O Bg4 12. f3 Bh5 13. Bg5 Qb6+ 14. Kh1 Ne4
15. Nxe4 dxe4 16. Bxe4 Qxb2 17. Qb1 Qb6 18. Qxb6 axb6 19. Rfb1 Bg6 20. Bxc6 bxc6
21. Rxb6 Bxc2 22. Rxc6 Ba4 23. Rc4 Rfe8 24. h4 h5 25. Rd4 Re2 26. Bd2 Bb3 27.
Kg1 Ra4 28. Rxa4 Bxa4 29. Bb4 Rc2 30. Kh2 f6 31. Re1 Bb5 32. Rd1 Kf7 33. Kg1 Bc6
34. Rd8 Rc1+ 35. Kh2 Rc2 36. Rf8+ Kg6 37. Kg3 Bb5 38. Be1 Ra2 39. Ra8 Bf1 40.
Bf2 Bb5 41. Ra7 Kh6 42. Be3+ Kg6 43. Bc5 Bf1 44. Bf2 Bb5 45. Rb7 Bc4 46. Rc7 Bb5
47. Rc5 Ba4 48. Rc3 Bb5 49. Rb3 Ba4 50. Re3 Bb5 51. Rc3 Ba6 52. Rb3 Kf5 53. Bd4
Rd2 54. Be3 Ra2 55. Bd4 Rd2 56. Bc3 Rc2 57. Bd4 1/2-1/2

[Event "24th ch-EUR Indiv w 2024"]
[Site "Rhodes GRE"]
[Date "2024.04.23"]
[Round "5.31"]
[White "Rakhmangulova, Anastasiya"]
[Black "Rodriguez Redondo, Adhara"]
[Result "1/2-1/2"]
[WhiteTitle "WGM"]
[BlackTitle "WFM"]
[WhiteElo "2324"]
[BlackElo "2152"]
[WhiteFideId "14117479"]
[BlackFideId "32065698"]
[EventDate "2024.04.19"]

1. e4 e5 2. Nf3 Nc6 3. Bb5 Nf6 4. O-O Nxe4 5. d4 Nd6 6. dxe5 Nxb5 7. a4 Nbd4 8.
Nxd4 Nxd4 9. Qxd4 d5 10. Qd3 Be7 11. Qg3 Kf8 12. Nc3 h5 13. Qd3 c6 14. b3 g6 15.
Ne2 Bf5 16. Qd2 c5 17. Bb2 d4 18. Rad1 h4 19. h3 Qc7 20. c3 d3 21. Nf4 c4 22.
Nd5 Qxe5 23. Nxe7 Qxe7 24. Rfe1 Qc5 25. Qf4 Kg7 26. b4 Qc6 27. b5 Qf6 28. Ba3
Be6 29. Qd2 Rh5 30. Re3 Rd8 31. Rde1 b6 32. Bc1 Rf5 33. Re4 Kg8 34. Qh6 Rh5 35.
Qe3 Rf5 36. Bd2 Rd7 37. f4 Rd8 38. Re5 Rd5 39. Qe4 Kh7 40. Rxd5 Rxd5 41. Qxc4
Qd8 42. Qe4 Rc5 43. Re3 Rc4 44. Qb7 Rc7 45. Qf3 Bf5 46. Qd1 Re7 47. Qe1 Rxe3 48.
Bxe3 Qe7 49. Qf2 Kg7 50. Bd4+ f6 51. Kh2 Qd6 52. Kg1 Qe6 53. Qd2 Qc4 54. Qe3 Qe6
55. Qf2 Be4 56. Qe3 Bf5 1/2-1/2

[Event "24th ch-EUR Indiv w 2024"]
[Site "Rhodes GRE"]
[Date "2024.04.23"]
[Round "5.32"]
[White "Antolak, Julia"]
[Black "Mgeladze, Kesaria"]
[Result "1/2-1/2"]
[WhiteTitle "WGM"]
[BlackTitle "WFM"]
[WhiteElo "2309"]
[BlackElo "2094"]
[WhiteFideId "1159569"]
[BlackFideId "13621130"]
[EventDate "2024.04.19"]

1. d4 Nf6 2. c4 g6 3. Nc3 Bg7 4. e4 d6 5. Be2 O-O 6. Be3 c5 7. d5 e6 8. Nf3 exd5
9. cxd5 Nbd7 10. Nd2 Ne5 11. h3 Ne8 12. Nf1 f5 13. exf5 Bxf5 14. Ng3 Bd7 15. Qd2
Rb8 16. a4 a6 17. O-O b5 18. axb5 axb5 19. f4 Nc4 20. Bxc4 bxc4 21. Ra7 Nc7 22.
f5 Bxf5 23. Bh6 Bd3 24. Re1 Bd4+ 25. Kh1 Rf7 26. Nce4 Nxd5 27. Rxf7 Kxf7 28.
Ng5+ Kg8 29. Ne6 Qf6 30. Nxd4 cxd4 31. Qa5 Qf7 32. Qa6 Qf2 33. Ra1 Nf4 34. Rg1
Re8 35. Qxd6 Ne6 36. Ra1 Qf7 37. Qc6 Rd8 38. Qb6 Re8 39. Ra7 Re7 40. Ra8+ Re8
41. Qc6 Ng7 42. Rxe8+ 1/2-1/2

[Event "24th ch-EUR Indiv w 2024"]
[Site "Rhodes GRE"]
[Date "2024.04.23"]
[Round "5.33"]
[White "Zherebtsova, Alexandra"]
[Black "Kochavi, Dana"]
[Result "1-0"]
[WhiteTitle "WFM"]
[BlackTitle "WFM"]
[WhiteElo "2302"]
[BlackElo "2084"]
[WhiteFideId "24129518"]
[BlackFideId "2837137"]
[EventDate "2024.04.19"]

1. d4 Nf6 2. c4 e6 3. g3 d5 4. Bg2 dxc4 5. Nf3 a6 6. a4 Nc6 7. O-O Rb8 8. a5 Bb4
9. Bd2 O-O 10. Bxb4 Nxb4 11. Nbd2 b5 12. axb6 cxb6 13. Nxc4 a5 14. e3 Bb7 15.
Qe2 Be4 16. Nfe5 Bxg2 17. Kxg2 Nd7 18. Nf3 Qc7 19. e4 Rfc8 20. Rfc1 Nf6 21. e5
Ne8 22. Qe4 h6 23. Rc3 Nd5 24. Rc2 Nb4 25. Rc3 Qd8 26. Nfd2 Qd5 27. Ne3 Qxe4+
28. Nxe4 Nd5 29. Nxd5 exd5 30. Rxc8 Rxc8 31. Nc3 Nc7 32. Ra3 Rb8 33. Kf3 Kf8 34.
Ke3 Ke7 35. f4 g6 36. Ne2 Na6 37. Rc3 Kd7 38. f5 g5 39. Kf3 b5 40. Kg4 a4 41.
Rc1 Nb4 42. Rc5 f6 43. e6+ Ke8 44. Nc3 Nd3 45. Rc7 Rd8 46. Nxb5 Nxb2 47. Rf7 Ra8 1-0

[Event "24th ch-EUR Indiv w 2024"]
[Site "Rhodes GRE"]
[Date "2024.04.23"]
[Round "5.34"]
[White "Allahverdiyeva, Ayan"]
[Black "Rudzinska, Michalina"]
[Result "0-1"]
[WhiteTitle "WIM"]
[BlackTitle "WIM"]
[WhiteElo "2152"]
[BlackElo "2302"]
[WhiteFideId "13412590"]
[BlackFideId "1172883"]
[EventDate "2024.04.19"]

1. e4 c6 2. d4 d5 3. e5 Bf5 4. Nf3 e6 5. Be2 Nd7 6. O-O a5 7. a4 f6 8. Nh4 fxe5
9. Nxf5 exf5 10. dxe5 Nxe5 11. Re1 Bd6 12. f4 Ng6 13. Qd4 Qe7 14. Kf1 Bc5 15.
Qd3 Qh4 16. Be3 Bxe3 17. Qxe3+ N8e7 18. g3 Qxh2 19. Nd2 O-O 20. Bf3 Kh8 21. Bg2
Ng8 22. Ra3 Nf6 23. Qb6 Ne4 24. Nxe4 fxe4 25. Re2 Qh5 26. Qxb7 Ne5 27. Qe7 Rae8
28. Qc5 g5 29. Qd4 gxf4 30. gxf4 Rxf4+ 31. Ke1 Qh4+ 32. Kd1 Qg4 33. Rh3 Kg8 34.
b3 Ng6 35. Qe3 Ref8 36. Rg3 Qh5 37. Kd2 Qe5 38. Qg1 0-1

[Event "24th ch-EUR Indiv w 2024"]
[Site "Rhodes GRE"]
[Date "2024.04.23"]
[Round "5.35"]
[White "Klek, Hanna Marie"]
[Black "Rzali, Sabina"]
[Result "1-0"]
[WhiteTitle "WGM"]
[BlackTitle "WCM"]
[WhiteElo "2294"]
[BlackElo "2039"]
[WhiteFideId "24670057"]
[BlackFideId "13410920"]
[EventDate "2024.04.19"]

1. e4 d5 2. exd5 Qxd5 3. h3 Nf6 4. Nf3 g6 5. d4 Bg7 6. c4 Qd8 7. Nc3 c6 8. Bd3
O-O 9. O-O Qc7 10. Re1 Rd8 11. Qe2 e6 12. Bg5 Nbd7 13. Rad1 Qa5 14. h4 Re8 15.
Ne5 c5 16. Nb5 Qb6 17. b4 cxb4 18. c5 Qd8 19. Nd6 Re7 20. Nexf7 Qc7 21. Bc4 Nf8
22. Nh6+ Kh8 23. Qf3 Qc6 24. Qxf6 Qxd6 25. cxd6 1-0

[Event "24th ch-EUR Indiv w 2024"]
[Site "Rhodes GRE"]
[Date "2024.04.23"]
[Round "5.36"]
[White "Manakova, Maria"]
[Black "Osmak, Yuliia"]
[Result "0-1"]
[WhiteTitle "WGM"]
[BlackTitle "IM"]
[WhiteElo "2148"]
[BlackElo "2459"]
[WhiteFideId "927007"]
[BlackFideId "14101602"]
[EventDate "2024.04.19"]

1. e4 c5 2. Nf3 d6 3. d4 cxd4 4. Nxd4 Nf6 5. Nc3 a6 6. h3 e5 7. Nde2 h5 8. Bg5
Be6 9. Bxf6 Qxf6 10. Nd5 Qd8 11. Nec3 g6 12. Bc4 Bh6 13. Qf3 O-O 14. Bb3 Nc6 15.
Ne2 Rc8 16. c3 Na5 17. Rd1 Kg7 18. g4 hxg4 19. hxg4 Rh8 20. Rd3 Bg5 21. Rxh8
Qxh8 22. Nb6 Nxb3 23. axb3 Rc6 24. Nc4 Bxc4 25. bxc4 Rxc4 26. Rxd6 Ra4 27. Rd1
Ra2 28. Kf1 Rxb2 29. Kg2 Qc8 30. Ng1 Rc2 31. Rd3 Rd2 32. Rd5 Rxd5 33. exd5 Qc4
34. d6 e4 35. Qd1 Qd3 36. Qb3 Qxd6 37. Qxb7 Qe6 38. Kh3 Qc4 39. Kg2 e3 40. Qf3
exf2 41. Kxf2 a5 42. Nh3 Bf6 43. g5 Bxc3 44. Nf4 Qc5+ 45. Kf1 Qb5+ 46. Ne2 Bb2
47. Qg3 a4 0-1

[Event "24th ch-EUR Indiv w 2024"]
[Site "Rhodes GRE"]
[Date "2024.04.23"]
[Round "5.37"]
[White "Alexieva, Silvia"]
[Black "Socko, Monika"]
[Result "1/2-1/2"]
[WhiteTitle "IM"]
[BlackTitle "GM"]
[WhiteElo "2144"]
[BlackElo "2428"]
[WhiteFideId "2902265"]
[BlackFideId "1106619"]
[EventDate "2024.04.19"]

1. c4 e6 2. Nf3 Nf6 3. g3 d5 4. Bg2 Be7 5. O-O O-O 6. d4 dxc4 7. Qc2 a6 8. a4
Bd7 9. Qxc4 Bc6 10. Bg5 Nbd7 11. Nc3 a5 12. Rfd1 h6 13. Bxf6 Nxf6 14. Ne5 Bxg2
15. Kxg2 c6 16. Rac1 Bb4 17. Nd3 Qe7 18. Na2 Bd6 19. Nc3 Rfd8 20. e4 Bb4 21. e5
Nd7 22. Ne2 Nb6 23. Qc2 Rac8 24. Nxb4 Qxb4 25. b3 Nd5 26. h4 b6 27. Qb1 Qe7 28.
Nc3 Nxc3 29. Rxc3 Rd5 30. Qe4 Qd7 31. Rdd3 Rd8 32. Rf3 b5 33. Qc2 bxa4 34. bxa4
Rxd4 35. Rxc6 Rd2 36. Qc3 Qd4 37. Qxd4 R2xd4 38. Rc7 R8d7 39. Rc8+ Rd8 40. Rc7
R8d7 1/2-1/2

[Event "24th ch-EUR Indiv w 2024"]
[Site "Rhodes GRE"]
[Date "2024.04.23"]
[Round "5.38"]
[White "Orian, Noga"]
[Black "Danielian, Elina"]
[Result "1/2-1/2"]
[WhiteTitle "WFM"]
[BlackTitle "GM"]
[WhiteElo "2099"]
[BlackElo "2397"]
[WhiteFideId "2836475"]
[BlackFideId "13300210"]
[EventDate "2024.04.19"]

1. d4 Nf6 2. c4 e6 3. Nc3 c5 4. d5 exd5 5. cxd5 d6 6. e4 g6 7. Be2 Bg7 8. Be3
O-O 9. Nf3 Re8 10. Nd2 Na6 11. O-O Nc7 12. a4 Rb8 13. h3 b6 14. Bd3 a6 15. a5 b5
16. b4 Nd7 17. Rc1 cxb4 18. Na2 Nc5 19. Nxb4 Bd7 20. Qc2 Rc8 21. Qb1 Na8 22. Bf4
Qxa5 23. Bxd6 Nxd3 24. Qxd3 Qb6 25. Bf4 a5 26. Be3 Qf6 27. Nc6 Bxc6 28. dxc6 Nc7
29. Bb6 a4 30. Bxc7 Rxc7 31. Qxb5 Ra8 32. Nb1 Qb2 33. Qc4 a3 34. Nc3 Bxc3 35.
Qxc3 Qb5 36. Rc2 a2 37. Ra1 h5 38. Qb2 Qxb2 39. Rxb2 Rxc6 40. Rbxa2 1/2-1/2

[Event "24th ch-EUR Indiv w 2024"]
[Site "Rhodes GRE"]
[Date "2024.04.23"]
[Round "5.39"]
[White "Hoang, Thanh Trang"]
[Black "Walter, Ema"]
[Result "1-0"]
[WhiteTitle "GM"]
[BlackTitle "WFM"]
[WhiteElo "2382"]
[BlackElo "2120"]
[WhiteFideId "12400149"]
[BlackFideId "14960710"]
[EventDate "2024.04.19"]

1. d4 Nf6 2. Nf3 d5 3. e3 c5 4. Nbd2 cxd4 5. exd4 Qc7 6. Bd3 Nc6 7. c3 Bg4 8.
Qa4 Bd7 9. Qb3 g6 10. O-O Bg7 11. Re1 O-O 12. h3 b6 13. Ne5 e6 14. Ndf3 Nh5 15.
Bd2 Rae8 16. Rac1 Na5 17. Qb4 Rc8 18. Ba6 Rcd8 19. g4 Nf6 20. Bf4 Rfe8 21. Nxg6
Qxf4 22. Nxf4 Bf8 23. Ne5 Bxb4 24. cxb4 Nc4 25. Nxd7 Nxd7 26. Bxc4 dxc4 27. Rxc4
b5 28. Rc7 Nf6 29. Ne2 Nd5 30. Rxa7 Nxb4 31. Rc1 e5 32. dxe5 Rd2 33. Nf4 Rxb2
34. e6 1-0